| 000 | 00804nam a2200253Ia 4500 | ||
|---|---|---|---|
| 003 | OSt | ||
| 005 | 20221005034641.0 | ||
| 006 | a|||||r|||| 00| 0 | ||
| 007 | ta | ||
| 008 | 221004b |||||||| |||| 00| 0 urd d | ||
| 020 |
_a9789386624888 (hbk) _cINR 250.00 |
||
| 024 | _a36952 | ||
| 037 |
_b5173, 07/03/2018, Kitabi Duniya _cTextual |
||
| 040 |
_aCRL _cCRL _burd |
||
| 041 |
_2urd _aurd |
||
| 082 | _aO168wM841, Q7 | ||
| 100 |
_aAslam Syed Arshad Au. _9587522 |
||
| 245 | 0 |
_aSyed Suleman Nadvi ka tark-e-watan _b asbab-o-haqaqe |
|
| 260 |
_aDelhi _bEducational publishing house India _c2017 |
||
| 300 |
_a159p. _ccm. |
||
| 650 | _aURDU LITERATURE | ||
| 942 |
_hO168wM841, Q7 _cTEXL _2cc |
||
| 999 |
_c943822 _d943822 |
||